000 01011nam a2200313Ia 4500
003 OSt
005 20220912151500.0
006 a|||||r|||| 00| 0
007 ta
008 220909b |||||||| |||| 00| 0 eng d
020 _a8170293995 (pbk)
024 _a12041
037 _cTextual
040 _aCSL
_beng
_cCSL
041 _aeng
082 _aD65,8(B),2Ap44,N94, N4 TD
100 _aAgarwal S S Ed.
111 _aProceedings of 'Akshara 94'on information technology applications in language, script & speech (Febr-25-2 : New Delhi India)
245 0 _aProceedings
260 _aNew Delhi
_b BPB Publications
_c1994
300 _a525p.
_ccm.
500 _aIncludes bibliographical references.
650 _a Language database
650 _a Speech processing technology
650 _aInformationa technology
700 _a Pani Subas Ed.
942 _hD65,8(B),2Ap44,N94, N4 TD
_cTEXL
_2CC
999 _c69581
_d69581